| 000 | 00501nam a2200169 i 4500 | ||
|---|---|---|---|
| 001 | 65678 | ||
| 003 | ES-MaACL | ||
| 005 | 20230906165437.0 | ||
| 007 | t| | ||
| 008 | 040120s1964 sp ||||1| spa d | ||
| 100 | 1 |
_aFry, W. G. _952792 |
|
| 245 | 1 | 0 |
_aCosechas bajo cubierto / _cW.G. Fry ; traducido por Jaime Esain Escobar. |
| 260 |
_aZaragoza : _bAcribia, _c[1964] |
||
| 300 |
_aVIII, 105 p., 12 lám. ; _c19 cm. |
||
| 700 | 0 |
_aEsaín Escobar, Jaime. _947449 |
|
| 852 |
_aES-MaACL _jC-26058 _bR.54783 |
||
| 999 |
_c65678 _d65678 |
||